| 000 | 00517nam a2200157 a 4500 | ||
|---|---|---|---|
| 001 | 000029104 | ||
| 005 | 20200930055332.0 | ||
| 008 | 110413s1946 dr 000 | spa d | ||
| 040 |
_aDO-SdBNP _bspa _cBNPHU |
||
| 082 |
_axxx _bR426c |
||
| 110 | 1 |
_aRepública Dominicana. _bSecretaría de Estado de Relaciones Exteriores _92256 |
|
| 245 | 1 | 3 | _aLa cancelación de una misión diplomática. |
| 260 |
_aCiudad Trujillo, República Dominicana : _bEditorial La Nación, _c1946. |
||
| 300 |
_a50 p. ; _c22 cm. |
||
| 049 | _aBNPD | ||
| 999 |
_c28596 _d28596 |
||